Statistics for 30 Most Beautiful Islands in the World

Click here to take the quiz!

General Stats

  • This quiz has been taken 31 times
  • The average score is 11 of 30

Answer Stats

Continent/CountryIsland% Correct
Europe (Italy)Sicily
89%
Europe (Greece)Crete
74%
Asia (Indonesia)Bali
67%
Europe (Italy)Sardinia
67%
EuropeMalta
59%
North AmericaJamaica
56%
South America (Ecuador)Galapagos Islands
52%
Europe (France)Corsica
48%
OceaniaFiji
48%
North AmericaThe Bahamas
48%
EuropeCyprus
41%
AfricaThe Seychelles
41%
Europe (Greece)Corfu
37%
Oceania (United States)Maui
37%
North AmericaSt. Lucia
37%
Europe (Italy)Capri
33%
Europe (Greece)Santorini
33%
AsiaThe Maldives
33%
Oceania (France)Bora Bora
22%
North America (Mexico)Cozumel
22%
Oceania (New Zealand)The Cook Islands
22%
Europe (Croatia)Hvar
19%
Oceania (United States)Kauai
15%
Europe (Italy)Ischia
11%
Asia (Thailand)Koh Samui
11%
Asia (Philippines)Palawan
11%
Asia (Philippines)Boracay Island
7%
Asia (Malaysia)Langkawi
7%
Oceania (Australia)Whitsunday Islands
7%
North Americas (France)St. Barthelemy
4%

Score Distribution

Percentile by Number Answered

Percent of People with Each Score

Your Score History

You have not taken this quiz